Nomes que começam com P - Statistics

Estatísticas Gerais
  • Esse quiz foi jogado 170 vezes
  • A pontuação média é 5 de 11
Estatísticas das Respostas
Hint Resposta % Correto
1. Paulo
97%
6. Pedro
96%
2. Paula
92%
3. Patrícia
77%
4. Patrício
40%
8. Paloma
31%
5. Paulino
21%
7. Palmira
14%
11. Pilar
13%
9. Petra
11%
10. Piedade
6%
Nenhum quiz correspondente encontrado
Distribuição das Pontuações
Porcentagem de Pessoas com Cada Pontuação
Percentil de Números Respondidos
Sua Pontuação Histórica
Você não jogou esse quiz